000 00469nam a2200181Ia 4500
005 20250326123733.0
008 250326s9999 xx 000 0 und d
037 _aTextbook
040 _aFMSL
_beng
_cFMSL
041 _aeng
_2eng
084 _aX:89Q8 M9
_qFMSL
100 _aCamp R C
_9735947
245 0 _aBenchmarking
_cCamp R C
260 _aUSA
_bUSA, Productivity
_c1989
300 _a299p
942 _cTB
_hX:89Q8 M9
999 _c1270734
_d1270734